| 000 | 01338nam a2200325 a 4500 | ||
|---|---|---|---|
| 001 | ebr10717712 | ||
| 003 | CaPaEBR | ||
| 006 | m o u | ||
| 007 | cr cn||||||||| | ||
| 008 | 130613s2007 nyu sb 001 0beng d | ||
| 020 | _z9781845114367 | ||
| 040 |
_aCaPaEBR _cCaPaEBR |
||
| 035 | _a(OCoLC)849951583 | ||
| 043 | _ae-uk-en | ||
| 050 | 1 | 4 |
_aBR1690 _b.A76 2007eb |
| 100 | 1 | _aArnold, Jonathan. | |
| 245 | 1 | 0 |
_aDean John Colet of St. Paul's _h[electronic resource] : _bhumanism and reform in early Tudor England / _cJonathan Arnold. |
| 260 |
_aNew York : _bI.B. Tauris, _c2007. |
||
| 300 | _a260 p. | ||
| 504 | _aIncludes bibliographical references and index. | ||
| 533 |
_aElectronic reproduction. _bPalo Alto, Calif. : _cebrary, _d2013. _nAvailable via World Wide Web. _nAccess may be limited to ebrary affiliated libraries. |
||
| 600 | 1 | 0 |
_aColet, John, _d1467?-1519. |
| 610 | 2 | 0 |
_aSt. Paul's Cathedral (London, England) _vBiography. |
| 650 | 0 |
_aTheologians _zEngland _zLondon _vBiography. |
|
| 650 | 0 |
_aChristianity and religious humanism _xHistory _y16th century. |
|
| 651 | 0 |
_aEngland _xChurch history _y16th century. |
|
| 655 | 7 |
_aElectronic books. _2local |
|
| 710 | 2 | _aebrary, Inc. | |
| 856 | 4 | 0 |
_uhttp://site.ebrary.com/lib/rucke/Doc?id=10717712 _zAn electronic book accessible through the World Wide Web; click to view |
| 999 |
_c41955 _d41955 |
||